000 00842nam a2200217 a 4500
001 BRCA_1791
005 20190320203543.0
008 930716s2001 mx-a---###---s000-1#spa-#
020 _a9701874129 (v.2)
050 4 _aN910.M36
_b.C38 2001
245 1 0 _aCatálogo comentado del acervo del Museo Nacional de Arte
_bescultura : siglo XIX
_cEsther Acevedo ... [et al.].
260 _aMéxico
_bUNAM, Instituto de Investigaciones Estéticas : CONACULTA : INBA
_c2001
300 _a275 p.
_bil.
_c24 cm.
_eAnexos: 87 p.
500 _aIncluye índice onomástico y toponímico
500 _aColección Sonia Corcuera de Mancera
610 2 4 _aMuseo Nacional de Arte (Ciudad de México)
_xColecciones de arte
_93482
650 1 4 _aEscultura
_vCatálogos
_ySiglo XIX
_zMéxico
_95584
700 1 _aAcevedo, Esther
_92537
902 _aDSC
942 _2lcc
_cB
999 _c1573
_d1573